00393nam a2200133Ia 4500008004100000082001500041100002000056245002100076260002000097600002000117942000700137952009800144999001700242241002s9999 xx 000 0 und d a335.71 MIL aMilosz, Czeslaw 4aThe coptive Mind aNew York:c1953 aSocial Sciences cUC 00104070aUITUbUITUd1994-01-01l0o335.71 MILpUC500r2024-10-02 09:31:22w2024-10-02yUC c18827d18827